000
00285nam a2200121Ia 4500
008
240731s9999 xx 000 0 und d
022
_a
1757-8450
245
0
_a
Legal Ethics
260
_b
Routledge
856
_u
https://www.tandfonline.com/loi/rlet20
942
_2
ddc
942
_c
TFEJ
999
_c
78418
_d
78418
945
_a
1
_b
Madushi Gamage
_c
1
_d
Madushi Gamage